Đàm thoại tiếng Nhật lưu loát

Đã lưu trong:
Bibliografiske detaljer
Format: Bog
Udgivet: 2005
Tags: Tilføj Tag
Ingen Tags, Vær først til at tagge denne postø!
Thư viện lưu trữ: Mạng thư viện Đại học Đà Nẵng
LEADER 00455nam a22001811a 4500
001 000038705
003 15000
005 20160412021438.0
008 160412s2005 000
082 |a 4N(07)323-25 
245 |a Đàm thoại tiếng Nhật lưu loát  |c Trần Bảo Trân 
260 |c 2005 
OWN |a LNN 
999 |a From the UDN01 
TYP |a Monograph 
980 |a Mạng thư viện Đại học Đà Nẵng